Scholars Of Faith: (Record no. 183356)

MARC details
000 -LEADER
fixed length control field 00682 a2200193 4500
005 - DATE AND TIME OF LATEST TRANSACTION
control field 20211223145419.0
010 ## - LCCN (DPL NO)
LC control number ENG-130546
020 ## - INTERNATIONAL STANDARD BOOK NUMBER
International Standard Book Number 978-0-19-012080-1
Terms of availability 1495.00
035 ## - SYSTEM CONTROL NUMBER
System control number EN-114078
037 ## - SOURCE OF ACQUISITION
Source of stock number/acquisition DBAD/PUB
082 ## - DEWEY DECIMAL CLASSIFICATION NUMBER
Classification number 297.77083520954
Item number 1
100 ## - MAIN ENTRY--PERSONAL NAME
Personal name Sanyal, Usha
245 ## - TITLE STATEMENT
Title Scholars Of Faith:
Remainder of title South Asian Muslim Women and the Embodiment of Religion Knowledge/
Statement of responsibility, etc Usha Sanyal
250 ## - EDITION STATEMENT
Edition statement 2020
260 ## - PUBLICATION, DISTRIBUTION, ETC. (IMPRINT)
Place of publication, distribution, etc New Delhi
Name of publisher, distributor, etc Oxford University Press
Date of publication, distribution, etc 2020
270 ## - ADDRESS
Address 22 Workspace, 2nd Floor, 1/22 Asaf Ali Road
City New Delhi
Postal code 110002
300 ## - PHYSICAL DESCRIPTION
Extent 386 p.
Dimensions 22cm (hbk)
Other physical details Glossary, Bibliography, Index
942 ## - ADDED ENTRY ELEMENTS (KOHA)
Institution code [OBSOLETE] dpl
Item type English Books
Source of classification or shelving scheme Dewey Decimal Classification
Classification part 297.77083520954
Call number suffix SAN
Holdings
Withdrawn status Lost status Not for loan Collection code Home library Current library Date acquired Source of acquisition Cost, normal purchase price Full call number Barcode Copy number Cost, replacement price Koha item type
      Non-fiction Patel Nagar Patel Nagar 23/12/2021 DBAD/PUB 1495.00 297.77083520954 SAN EN-114078 1 1495.00 English Books

© Delhi Public Library
Hit Counter
free hit counter